<?xml version="1.0" encoding="UTF-8"?>
<record
    xmlns:xsi="http://www.w3.org/2001/XMLSchema-instance"
    xsi:schemaLocation="http://www.loc.gov/MARC21/slim http://www.loc.gov/standards/marcxml/schema/MARC21slim.xsd"
    xmlns="http://www.loc.gov/MARC21/slim">

  <leader>00463    a2200145   4500</leader>
  <controlfield tag="005">20250626073204.0</controlfield>
  <datafield tag="020" ind1=" " ind2=" ">
    <subfield code="a">1-58906-043-1</subfield>
  </datafield>
  <datafield tag="082" ind1=" " ind2=" ">
    <subfield code="a">332.1   ENO</subfield>
  </datafield>
  <datafield tag="245" ind1=" " ind2=" ">
    <subfield code="a">+Building Strong Banks</subfield>
  </datafield>
  <datafield tag="260" ind1=" " ind2=" ">
    <subfield code="a">Washington,</subfield>
    <subfield code="b">International Monetary Fund,</subfield>
    <subfield code="c">2002.</subfield>
  </datafield>
  <datafield tag="300" ind1=" " ind2=" ">
    <subfield code="a">vii, 389p.:  ill.; figure, table,</subfield>
    <subfield code="b">references,</subfield>
    <subfield code="c">23cm.</subfield>
  </datafield>
  <datafield tag="700" ind1=" " ind2=" ">
    <subfield code="a">Ed.  ENOCH, C .   MARSTON, D . &amp; TAYLOR, M .</subfield>
  </datafield>
  <datafield tag="856" ind1=" " ind2=" ">
    <subfield code="y">Access Online Book</subfield>
    <subfield code="f">Banking</subfield>
    <subfield code="d">http//www.imf.org</subfield>
  </datafield>
  <datafield tag="942" ind1=" " ind2=" ">
    <subfield code="2">ddc</subfield>
    <subfield code="c">BKS</subfield>
  </datafield>
  <datafield tag="999" ind1=" " ind2=" ">
    <subfield code="c">5216</subfield>
    <subfield code="d">5216</subfield>
  </datafield>
  <datafield tag="952" ind1=" " ind2=" ">
    <subfield code="r">2025-06-26 07:35:26</subfield>
    <subfield code="l">0</subfield>
    <subfield code="o">001.6  ENO</subfield>
    <subfield code="p">MZA0002081</subfield>
    <subfield code="v">15000.00</subfield>
    <subfield code="w">2025-06-26</subfield>
    <subfield code="y">BKS</subfield>
    <subfield code="1">0</subfield>
    <subfield code="2">ddc</subfield>
    <subfield code="4">0</subfield>
    <subfield code="7">0</subfield>
    <subfield code="0">0</subfield>
    <subfield code="a">003</subfield>
    <subfield code="b">003</subfield>
    <subfield code="c">GEN</subfield>
    <subfield code="d">2007-07-17</subfield>
    <subfield code="e">Library Budget</subfield>
    <subfield code="g">50000.00</subfield>
  </datafield>
</record>
